Ordinary differential equations
Uloženo v:
| Hlavní autor: | |
|---|---|
| Médium: | Kniha |
| Jazyk: | angličtina |
| Vydáno: |
Boston
Birkhäuser
1982
|
| Vydání: | 2a. ed |
| Témata: | |
| Tagy: |
Přidat tag
Žádné tagy, Buďte první, kdo vytvoří štítek k tomuto záznamu!
|
MARC
| LEADER | 00000nam a2200000 a 4500 | ||
|---|---|---|---|
| 001 | UCP0391 | ||
| 003 | CL-VaPUC | ||
| 008 | 990305e19820000US |||||||||||||||||eng|d | ||
| 082 | 0 | 4 | |a 515.352 |b HAR |2 21 |
| 100 | 0 | |a Hartman, Philip |e author |9 425679 | |
| 245 | 1 | 0 | |a Ordinary differential equations |
| 250 | |a 2a. ed | ||
| 300 | |a 612 p | ||
| 942 | |c BK | ||
| 945 | |d 19990305 00:00:00 |a lriquelm | ||
| 260 | |a Boston |b Birkhäuser |c 1982 | ||
| 650 | 0 | |a Ecuaciones diferenciales |9 260083 | |
| 650 | 7 | |a ECUACIONES DIFERENCIALES LINEALES |2 CL-VaPUC |9 270390 | |
| 650 | 7 | |a ECUACIONES DIFERENCIALES PARCIAL |2 CL-VaPUC |9 425680 | |
| 650 | 7 | |a ECUACION LINEAL EN SEGUNDO GRADO |2 CL-VaPUC |9 425681 | |
| 583 | |a last modification |c 19990305 00:00:00 |k Rodrigo Vera | ||
| 999 | |c 279209 |d 279207 | ||
| 952 | |0 0 |1 0 |4 0 |6 515_352000000000000_HAR_1982 |7 0 |8 A |9 318152 |a BIBMAT |b BIBMAT |d 2019-11-20 |i 132151K |o 515.352 HAR 1982 |p 132151K |r 2025-01-07 |w 2019-11-20 |y BK |k MAT | ||